Science Quiz

Random Science or Astronomy Quiz

Astronomy Stuff Quiz Stats

 Plays Quiz not verified by Sporcle

Score 0/25 Timer 06:00
0 Plays Today
Description of Stuff What is it? % Correct
Between Io, Europa, and Earth's Moon, which is the largest?Io
89.7%
In 4.5 billion years, this galaxy is set to collide with the Milky Way. Andromeda
70.7%
Makemake is what?Dwarf Planet
62.1%
88 Days is all it takes for Mercury to do what to the sun?Orbit
60.3%
Of the four fundamental forces of nature, this force is the weakest.Gravity
58.6%
These faraway objects are high redshift sources of electromagnetic energy, and are found in the center of gigantic galaxies.Quasar
55.2%
Which moon of Mars is destined for destruction, either as an impacting object on the face of Mars, or as a planetary ring?Phobos
53.4%
Composed of iron and nickel, the outer core of the Earth is in what physical state?Liquid
32.8%
This hypothetical end to the universe would involve every single thing that exists in our universe collapsing on itself to the most minute existence, heating up as it contracted.Big Crunch
29.3%
Speaking in astronomical terms, this shoulder of Orion is due very soon for a violent supernova death.Betelgeuse
22.4%
The point where matter has zero volume, yet infinite density.Singularity
22.4%
Despite it being featured in almost all sci-fi movies and television shows, what do we experience when we see portrayals of outer space that we would never be able to experience wiSound
20.7%
The 'Pillars of Creation' are located in which nebula?Eagle
20.7%
Description of Stuff What is it? % Correct
These form to create hadrons, such as a proton or neutron.Quark
20.7%
The galaxy M104 in the constellation Virgo is better known as?Sombrero
17.2%
How gravity fits in with quantum mechanics, and dictates that indeed 10 dimensions exist.String Theory
15.5%
This is a neutron star that releases giant bursts of electromagnetic radiationMagnetar
13.8%
One of the unique traits of Jupiter's 'Great Red Spot,' is that the storm moves what?Counter-clockwise
13.8%
This occurs to objects that pass through a black hole's event horizon.Spaghettification
13.8%
The mixture of stuff in space between each and every star system in the universe is called what?Interstellar Medium
10.3%
What happens when matter meets anti-matter?Annihilation
8.6%
Due in 2010, then 2011, and now basically anytime, we will likely experience a lot of activity from the sun.Solar Maximum
6.9%
What 'wonder of the solar system' did Galileo discover concerning a fairly uniformed gathering of rock, ice, and other materials?Rings of Saturn
6.9%
Gliese 581 c is an example of what?Extrasolar Planet
3.4%
Eta Carinae, a giant Wolf-Rayet star in the Milky Way that is nearing the end of its life, could collapse into this.Hypernova
3.4%

You're not logged in!

Compare scores with friends on all Sporcle quizzes.
OR
Log In

Show Comments

Extras

Top Quizzes Today


Score Distribution

Your Account Isn't Verified!

In order to create a playlist on Sporcle, you need to verify the email address you used during registration. Go to your Sporcle Settings to finish the process.

Report this User

Report this user for behavior that violates our Community Guidelines.

Details: